[Event "8th Dolomiti Open 2017"]
[Site "Forni di Sopra"]
[Date "2017.06.15"]
[Round "7.6"]
[White "Barp, Alberto"]
[Black "Qendro, Llambi"]
[Result "0-1"]
[WhiteElo "2233"]
[BlackElo "2328"]
[Annotator "TA"]
[PlyCount "70"]
[EventDate "2017.??.??"]
[EventType "swiss"]
[EventCountry "ITA"]
[SourceTitle "playchess.com"]
[Source "ChessBase"]
[SourceQuality "1"]

{[%evp 24,70,49,47,35,27,30,43,45,42,53,12,28,-86,-75,-90,-85,-104,-107,-130,-102,-104,-133,-142,-146,-145,-130,-244,-227,-318,-250,-265,-197,-186,-193,-220,-193,-742,-672,-879,-442,-422,-409,-1139,-1130,-1100,-1087,-1022,-1024]} 1. d4 g6 2. c4 Bg7 3. Nf3 d6 4. g3 Nf6 5. Bg2 O-O 6. Nc3 Nbd7 7. O-O e5 8. e4 exd4 9. Nxd4 Re8 10. h3 Nc5 11. Re1 Nfd7 {[%cal Bf6d7,Bd7e5,Be5d3,Bd3b4][%mdl 32]} 12. Be3 {E68: King's Indian: Fianchetto: 6...Nbd7 7 0-0 e5 8 e4} Ne5 13. b3 {LiveBook: 18 Games} Bd7 (13... c6 14. Qc2 Ned3 15. Red1 Nb4 16. Qe2 a5 17. a3 Nba6 18. Qc2 Qe7 19. Rab1 f5 20. b4 axb4 21. axb4 Nxe4 22. Nxe4 fxe4 {½-½ (40) Lenic,L (2624)-Naiditsch,A (2657) Bled 2016}) 14. Qc2 {White is slightly better.} Ned3 $146 ({Predecessor:} 14... Nc6 15. Qd2 a5 16. Ndb5 a4 17. Bxc5 dxc5 18. Rad1 axb3 19. Qxd7 bxa2 20. Nxa2 Rxa2 21. Nxc7 Qxd7 22. Rxd7 {0-1 (72) Aalderink,G (2147)-Laghetti,G (2308) LSS email 2007}) 15. Red1 Nb4 16. Qd2 a5 17. Nde2 {[#] And now Bxc5 would win.} Bc6 {[%cal Rc5e4]} 18. Bg5 (18. Bxc5 $11 {keeps the balance.} dxc5 19. a3) 18... Qc8 $36 {[%cal Rc5e4][%mdl 2048] Black is on the roll.} 19. f3 f5 {[%cal Rf5e4]} 20. exf5 Qxf5 21. g4 Qf7 22. Rab1 a4 ({Weaker is} 22... Bxf3 23. Rf1 $16) 23. Nd4 axb3 24. axb3 Ncd3 25. Nxc6 (25. Nc2 $17 {keeps fighting.}) 25... bxc6 $19 26. Rf1 (26. Kh2 $142) 26... Bd4+ 27. Kh1 Qg7 28. Na4 Re6 29. Bh6 Qe7 {[#] Strongly threatening ...Re2.} 30. f4 $2 (30. Bg5 Re2 31. Qxd3 Nxd3 32. Bxe7 Rxe7 33. f4) 30... Re2 31. Qd1 Nf2+ 32. Rxf2 Bxf2 33. Bxc6 (33. Bg5 $142 Qe8 34. Qf1) 33... Re1+ {Black is clearly winning.} 34. Qxe1 Bxe1 35. Bxa8 c6 {Precision: White = 40%, Black = 77%.} 0-1

[Event "8th Dolomiti Open 2017"]
[Site "Forni di Sopra"]
[Date "2017.06.15"]
[Round "7.7"]
[White "Carnicelli, Valerio"]
[Black "Basso, Pier Luigi"]
[Result "0-1"]
[WhiteElo "2242"]
[BlackElo "2448"]
[Annotator "TA"]
[PlyCount "46"]
[EventDate "2017.??.??"]
[EventType "swiss"]
[EventCountry "ITA"]
[SourceTitle "playchess.com"]
[Source "ChessBase"]
[SourceQuality "1"]

{[%evp 11,46,-18,0,-4,-17,-16,0,-8,-5,-6,0,-10,-8,-47,-47,-43,-41,-48,-37,-37,-47,-41,-48,-42,-37,-443,-437,-459,-440,-455,-439,-449,-186,-434,-437,-422,-445]} 1. e4 e5 2. Nf3 Nc6 3. Bc4 Bc5 4. b4 Bxb4 5. c3 Ba5 6. d4 exd4 7. Qb3 {C52: Evans Gambit Accepted: 5 c3 Ba5} Qe7 8. O-O $1 Bb6 9. cxd4 {The position is equal.} Nxd4 10. Nxd4 Bxd4 11. Nc3 $1 Nf6 {Strongly threatening ...0-0.} 12. Nb5 (12. Ba3 $5 {[%cal Ra3e7]} d6 13. Rad1 Bxc3 14. Qxc3 $11) (12. Rd1 Be5 13. Bg5 c6 14. f4 Qc5+ 15. Kh1 Ng4 16. Rf1 d5 17. Bxd5 cxd5 18. fxe5 {½-½ (18) Nisipeanu,L (2665)-Prohaszka,P (2588) Bad Wiessee 2014}) 12... Bxa1 13. Nxc7+ Kd8 $1 {[%cal Rd8c7]} 14. Nxa8 {[#] Be3 is the strong threat.} Bd4 $36 {[%mdl 2048] Black has the initiative.} 15. Bf4 $146 d6 16. Rd1 Bc5 $1 17. e5 $1 {[%cal Re5f6]} Ng4 $1 {[%csl LRe5,LRf2]} 18. exd6 $2 {[%mdl 8192]} (18. Bb5 $1 $15 Nxf2 19. Rxd6+ Bxd6 20. exd6 Qe1+ 21. Bf1) 18... Qf6 $19 19. Qf3 Nxf2 20. Rf1 {[#]} Qxf4 $1 {[%mdl 512]} 21. Qxf4 {Intending Qg5+ and mate.} Nh3+ 22. Kh1 Nxf4 23. Rxf4 f5 {Precision: White = 58%, Black = 100%.} 0-1

[Event "8th Dolomiti Open 2017"]
[Site "Forni di Sopra"]
[Date "2017.06.15"]
[Round "7.8"]
[White "Naumkin, Igor"]
[Black "Derakhshani, Dorsa"]
[Result "1-0"]
[WhiteElo "2401"]
[BlackElo "2321"]
[Annotator "TA"]
[PlyCount "87"]
[EventDate "2017.??.??"]
[EventType "swiss"]
[EventCountry "ITA"]
[SourceTitle "playchess.com"]
[Source "ChessBase"]
[SourceQuality "1"]

{[%evp 18,87,31,0,28,0,6,0,26,0,0,0,6,0,0,-21,12,12,92,93,90,90,98,85,86,83,145,108,96,87,129,132,152,127,127,127,127,127,173,180,185,141,139,125,133,133,131,133,137,137,133,138,594,592,584,556,584,520,579,554,616,581,520,512,491,478,452,435,723,658,894,578]} 1. d4 Nf6 2. c4 e6 3. Nf3 d5 4. Nc3 a6 5. cxd5 exd5 6. Bg5 {D37: Queen's Gambit Declined: 5 Bf4} Be6 7. e3 Nbd7 8. Bd3 Bd6 9. Qc2 c6 10. O-O {LiveBook: 5 Games} (10. Bf4 $5 {[%cal Rf4d6]} Qc7 11. Bxd6 Qxd6 12. h3 $14) 10... h6 11. Bh4 Qc7 12. Bg3 O-O $146 ({Predecessor:} 12... Bxg3 13. hxg3 O-O {0-1 (40) Mihajlov,S (2335)-Ni,H (2697) Gibraltar 2016}) 13. b4 Bxg3 14. hxg3 Qd6 15. Rfc1 Rfc8 16. Qb2 b6 17. Na4 c5 (17... Qc7 $11) 18. bxc5 $16 bxc5 19. Qa3 {[%cal Rd4c5]} Ne4 {[#]} 20. Bxe4 $1 dxe4 21. Nd2 f5 ({Black should try} 21... Qd5) 22. Rc2 ({But not} 22. Nxc5 Nxc5 23. Rxc5 Rxc5 $14) 22... Rc6 23. Nxc5 Rb8 24. Rac1 Rb5 25. Nc4 Bxc4 26. Rxc4 Nxc5 27. Rxc5 Rcxc5 28. dxc5 {[%mdl 4096] Endgame KQR-KQR} Qd2 29. Qc3 Qxc3 30. Rxc3 {KR-KR} Rb7 31. Kh2 Kf7 32. g4 fxg4 33. Kg3 Ke6 34. Kxg4 Kd5 $2 {[%mdl 8192] [#]} (34... Rc7 $16 {is tougher.} 35. Kh5 Kf6) 35. c6 $1 $18 {[%cal Rc6b7] White is clearly winning.} Rc7 36. Kf5 Rf7+ 37. Kg6 Rc7 38. g4 Kd6 39. Rc4 Kd5 40. Rc2 Kd6 41. Kf5 Kd5 42. Rd2+ Kc4 (42... Kc5 $142 43. Rd7 (43. Kxe4 Re7+ 44. Kf5 Kxc6 $18) 43... Rxc6 44. Rxg7 Kd5 45. Rd7+ Kc5 46. Kxe4 Rg6) 43. Kxe4 Kc3 44. Rd6 {Precision: White = 59%, Black = 46%.} 1-0

[Event "8th Dolomiti Open 2017"]
[Site "Forni di Sopra"]
[Date "2017.06.15"]
[Round "7.9"]
[White "Henderson de La Fuente, Lance"]
[Black "De Santis, Alessio"]
[Result "1/2-1/2"]
[WhiteElo "2365"]
[BlackElo "2242"]
[Annotator "NA"]
[PlyCount "48"]
[EventDate "2017.??.??"]
[EventType "swiss"]
[EventCountry "ITA"]
[SourceTitle "playchess.com"]
[Source "ChessBase"]
[SourceQuality "1"]
[TimeControl "40/5400+30:1800+30"]

{[%evp 8,47,65,45,54,48,32767,30,31,25,21,22,32767,11,49,16,32,32767,32767,39,32767,48,59,44,72,57,57,55,93,119,99,32767,32767,-53,-20,32767,32767,32767,-33,-47,-42,-76]} 1. e4 {[%emt 0:00:30]} d6 {[%emt 0:04:00]} 2. Nc3 {[%emt 0:00:00]} Nf6 {[%emt 0:01:30]} 3. f4 {[%emt 0:01:00]} c6 {[%emt 0:03:30]} 4. d4 {[%emt 0:01:30]} Qa5 {[%emt 0:08:30]} 5. Bd3 {[%emt 0:00:30]} e5 {[%emt 0:02:30]} 6. Nf3 {[%emt 0:03:30]} Bg4 {[%emt 0:00:30]} 7. dxe5 {[%emt 0:05:30]} dxe5 {[%emt 0:00:30]} 8. h3 {[%emt 0:00:30]} Bxf3 $1 {[%emt 0:00:30]} 9. Qxf3 {[%emt 0:00:30] LiveBook: 19 Games} Nbd7 {[%emt 0:01:30]} 10. Bd2 {[%emt 0:10:30] B07: Pirc Defence: Miscellaneous Systems} (10. f5 Nc5 11. Bd2 Qb6 12. O-O-O O-O-O 13. Bc4 Qc7 14. Be3 Rxd1+ 15. Rxd1 b5 16. Bb3 Nxb3+ 17. axb3 Bb4 {0-1 (44) Bilguun,S (2362)-Galmandakh,B (2328) Ulaanbaatar 2015}) 10... Qc7 {[%emt 0:17:30]} 11. g3 {[%emt 0:05:30]} Be7 $146 {[%emt 0:03:30]} ({Predecessor:} 11... Bc5 12. O-O-O O-O-O 13. Bc4 Rhf8 14. Rhe1 b5 15. Bb3 Bd6 16. a3 Nb6 17. Kb1 Kb7 {½-½ (62) Serbanescu,D (2042)-Mossong,H (2039) England 2016}) 12. O-O-O {[%emt 0:06:30]} O-O {[%emt 0:13:30]} 13. f5 {[%emt 0:00:30]} Nc5 {[%emt 0:01:30]} 14. g4 {[%emt 0:01:30]} Nxd3+ {[%emt 0:00:30]} 15. cxd3 {[%emt 0:05:30]} Rfd8 {[%emt 0:19:37]} 16. g5 {[%emt 0:01:30]} Nd7 {[%emt 0:00:04]} 17. f6 {[%emt 0:04:30]} gxf6 {[%emt 0:06:54]} (17... Bb4 $11) 18. gxf6 {[%emt 0:01:30]} Bxf6 {[%emt 0:00:06]} 19. Rdf1 {[%emt 0:09:30]} Kh8 {[%emt 0:00:46]} 20. Qh5 {[%emt 0:00:30]} (20. Ne2 $14) 20... Rg8 {[%emt 0:01:03]} 21. Qxf7 {[%emt 0:01:30]} Raf8 {[%emt 0:00:17]} 22. Qh5 {[%emt 0:00:30]} Nc5 {[%emt 0:02:17]} 23. Qe2 {[%emt 0:07:30]} Qd6 {[%emt 0:00:45]} 24. Rf3 $17 {[%emt 0:05:30]} Ne6 {[%emt 0:03:45]} 1/2-1/2

[Event "8th Dolomiti Open 2017"]
[Site "Forni di Sopra"]
[Date "2017.06.15"]
[Round "7.10"]
[White "Medancic, Rikard"]
[Black "Seresin, Francesco"]
[Result "1/2-1/2"]
[WhiteElo "2221"]
[BlackElo "2280"]
[Annotator "NA"]
[PlyCount "49"]
[EventDate "2017.??.??"]
[EventType "swiss"]
[EventCountry "ITA"]
[SourceTitle "playchess.com"]
[Source "ChessBase"]
[SourceQuality "1"]
[TimeControl "40/5400+30:1800+30"]

{[%evp 8,49,34,1,32767,32767,32767,32767,32767,32767,32767,32767,32767,32767,20,32767,20,32767,-9,-16,-9,32767,32767,32767,32767,32767,-11,-21,-10,-24,-18,-20,32767,-25,-6,-9,0,32767,32767,-16,-14,-15,-14,-13]} 1. Nf3 {[%emt 0:00:30]} Nf6 {[%emt 0:02:00]} 2. d4 {[%emt 0:00:30]} g6 {[%emt 0:00:30]} 3. c4 {[%emt 0:00:00]} Bg7 {[%emt 0:00:30]} 4. Nc3 {[%emt 0:00:00]} d5 {[%emt 0:00:30]} 5. e3 {[%emt 0:00:30]} O-O {[%emt 0:00:30]} 6. Qb3 {[%emt 0:00:30]} dxc4 {[%emt 0:01:30]} 7. Bxc4 {[%emt 0:00:00]} c5 {[%emt 0:00:30]} 8. dxc5 {[%emt 0:02:00] D95: Grünfeld: 4 Nf3 Bg7 5 e3 0-0 6 Qb3} (8. d5 Nbd7 9. O-O Nb6 10. e4 Nxc4 11. Qxc4 b6 12. e5 Nd7 13. Bf4 Bb7 14. Rad1 a6 15. a4 b5 16. axb5 axb5 17. Nxb5 {0-1 (37) Dreev,A (2668)-Le,Q (2712) Khanty-Mansiysk 2013}) 8... Nbd7 {[%emt 0:00:30]} 9. c6 {[%emt 0:02:30]} bxc6 {[%emt 0:02:30]} 10. O-O {[%emt 0:00:30]} Qc7 {[%emt 0:06:30]} 11. Qa3 $146 {[%emt 0:35:30]} ({Predecessor:} 11. Bd2 Ng4 12. Rfd1 Rb8 13. Qa3 Nde5 14. Nxe5 Bxe5 15. Na4 Bxh2+ {0-1 (26) Ferrantes,G-Zoppetti,G Trieste 1954}) 11... Nb6 {[%emt 0:06:30]} 12. Qa5 {[%emt 0:03:30]} Ne8 {[%emt 0:13:30]} (12... Nfd5 $5 13. Be2 Nxc3 14. bxc3 Rd8 $11) 13. Be2 {[%emt 0:00:30]} Nd5 {[%emt 0:12:30]} 14. Qxc7 {[%emt 0:01:30]} Nexc7 {[%emt 0:00:00]} 15. Nxd5 {[%emt 0:14:30]} cxd5 {[%emt 0:03:00]} 16. Rd1 {[%emt 0:00:30]} Rb8 {[%emt 0:13:30]} 17. Nd4 {[%emt 0:02:30]} Bd7 {[%emt 0:01:30]} 18. f4 {[%emt 0:06:30]} Rfc8 {[%emt 0:06:30]} 19. b3 {[%emt 0:04:30]} Ne6 {[%emt 0:07:32]} 20. Bb2 {[%emt 0:02:30]} Nxd4 {[%emt 0:02:40]} 21. Bxd4 {[%emt 0:00:30]} Bxd4 {[%emt 0:00:56]} 22. Rxd4 {[%emt 0:00:30]} Bb5 {[%emt 0:00:36]} 23. Bxb5 {[%emt 0:06:43]} Rxb5 {[%emt 0:00:14]} 24. Rad1 {[%emt 0:00:05]} e6 {[%emt 0:02:35]} 25. Kf2 $11 {[%emt 0:02:09]} 1/2-1/2

[Event "8th Dolomiti Open 2017"]
[Site "Forni di Sopra"]
[Date "2017.06.15"]
[Round "7.11"]
[White "Sgircea, Silvia-Raluca"]
[Black "Kiefer, Gerhard"]
[Result "1/2-1/2"]
[WhiteElo "2208"]
[BlackElo "2259"]
[Annotator "TA"]
[PlyCount "74"]
[EventDate "2017.??.??"]
[EventType "swiss"]
[EventCountry "ITA"]
[SourceTitle "playchess.com"]
[Source "ChessBase"]
[SourceQuality "1"]

{[%evp 13,74,17,58,35,33,29,30,24,28,38,39,16,54,54,47,52,45,31,46,41,27,20,47,58,66,56,52,51,57,29,42,45,52,42,39,40,39,31,81,90,91,87,90,90,90,90,105,100,111,90,90,90,154,87,90,85,81,68,106,35,105,-124,-129]} 1. Nf3 Nf6 2. c4 g6 3. g3 Bg7 4. Bg2 O-O 5. d4 d6 6. O-O c6 7. Nc3 Qa5 8. Bd2 {E62: King's Indian: Fianchetto: 6...c6 and Panno Variation (6...Nc6) without ...a6} (8. e4 e5 9. h3 Re8 10. Be3 Nbd7 11. d5 cxd5 12. cxd5 b5 13. Nd2 Nb6 14. a4 bxa4 15. Nxa4 Nxa4 16. Qxa4 Qxa4 17. Rxa4 Bd7 18. Rxa7 Rxa7 19. Bxa7 {½-½ (40) Stefansson,H (2573)-Vitiugov,N (2735) Jerusalem 2015}) 8... Qa6 9. b3 d5 10. cxd5 {White has an edge.} cxd5 11. Ne5 $146 ({Predecessor:} 11. a4 Nc6 12. Nb5 Qb6 13. Bf4 Ne8 14. Ne5 a6 15. Nc3 Qxd4 16. Qxd4 Nxd4 17. Bxd5 {0-1 (33) Brailko,J (2148)-Tkachova,A (1935) Poltava 2010}) 11... Nc6 12. Nxc6 ({Much weaker is} 12. Nxd5 Nxd5 13. Bxd5 Nxe5 $17) 12... bxc6 13. Rc1 Bf5 14. Na4 Nd7 15. Be3 Rac8 16. Qd2 Rfe8 17. Rfe1 e5 18. dxe5 Bxe5 19. Nc5 Nxc5 20. Bxc5 Bc7 21. Bf1 Qb7 22. e3 Bb6 23. Bd3 Bxd3 24. Qxd3 Re6 25. Re2 Bxc5 26. Rxc5 Qb4 27. Rec2 Qb7 28. Qc3 Rd6 29. h4 h5 30. b4 Rcd8 31. Qd4 Re6 {[%cal Bd6e6,Be6e4,Be4e3][%mdl 32]} 32. a3 Kh7 {[#]} (32... a6 $142) 33. Ra5 ({White should play} 33. b5 $1 {[%mdl 512]}) 33... Rd7 $16 34. Rc1 Re4 35. Qd3 Rde7 36. Qa6 (36. Rac5 $16) 36... Qb8 ({Black should try} 36... Qd7 $1 $14) 37. Qf1 $2 {[#]} (37. Rc3 $16) 37... Rxe3 $1 {Precision: White = 56%, Black = 66%.} 1/2-1/2

[Event "8th Dolomiti Open 2017"]
[Site "Forni di Sopra"]
[Date "2017.06.15"]
[Round "7.12"]
[White "Bifulco, Michel"]
[Black "Gueci, Tea"]
[Result "1-0"]
[WhiteElo "2254"]
[BlackElo "2204"]
[Annotator "TA"]
[PlyCount "99"]
[EventDate "2017.??.??"]
[EventType "swiss"]
[EventCountry "ITA"]
[SourceTitle "playchess.com"]
[Source "ChessBase"]
[SourceQuality "1"]

{[%evp 9,99,26,29,25,40,43,40,35,27,28,30,28,79,64,70,45,141,127,134,117,133,135,140,127,164,166,170,157,159,159,267,271,272,262,250,227,227,227,227,227,227,227,217,220,223,226,197,206,275,275,275,275,413,403,461,458,444,415,394,372,699,690,29965,29966,29966,29967,29967,29968,29960,29961,29961,29969,29970,29971,29970,29972,29969,29967,29967,29968,29967,29968,29967,29967,29973,29974,29981,29981,29982,29983,29983,29984]} 1. d4 d5 2. Nc3 c6 3. Bf4 Bf5 (3... Nf6 4. e3 Bf5 5. f3 h5 6. Bd3 Bxd3 7. Qxd3 e6 8. Nge2 Bd6 9. O-O-O Bxf4 10. Nxf4 g5 11. Nfe2 Nbd7 12. h4 {½-½ (93) Darini,P (2511)-Zhang,Z (2645) Doha 2016}) 4. f3 Nf6 5. g4 {[%cal Bg2g4,Bg4g5][%mdl 32]} Bg6 6. h4 {Hoping for h5. D00: 1 d4 d5: Unusual lines} h5 7. g5 Nfd7 8. e4 {White is slightly better.} dxe4 9. Nxe4 $146 ({Predecessor:} 9. fxe4 Qa5 10. e5 e6 11. a3 Qb6 {0-1 (38) Fries Nielsen,J (2365)-Blomqvist,E (2451) Sweden 2012}) 9... Qb6 10. Ne2 Bxe4 (10... e5 $11 11. dxe5 Bxe4 12. fxe4 Na6) 11. fxe4 $16 e5 $1 {[%cal Re5f4]} 12. dxe5 Qb4+ ({Better is} 12... Na6 $14) 13. c3 $1 {[%cal Rc3b4]} Qxe4 14. Rh3 $36 {[%mdl 2048] e6! is the strong threat. White is really pushing.} Bc5 15. Qd3 Qxd3 16. Rxd3 O-O 17. O-O-O Nb6 18. Ng3 Nd5 19. Nxh5 Nd7 (19... Na6 $16 {was worth a try.} 20. Rf3 Rad8) 20. Rxd5 $18 cxd5 21. Rxd5 g6 22. Ng3 Rfd8 23. Bb5 Nf8 24. Rxc5 {Threatens to win with Bc4.} Ne6 {[#]} 25. Be3 $1 ({And not} 25. Rc4 a6 $11) 25... Nxc5 26. Bxc5 Rd5 27. Ne4 {aiming for Nf6+.} Rxe5 {[#]} 28. Bd3 $1 Rxc5 29. Nxc5 b6 30. Ne4 Kg7 (30... Kf8 $142 31. Kc2 Kg7) 31. c4 Rh8 32. b4 Rxh4 33. c5 bxc5 34. bxc5 Rh8 $2 (34... Kf8 35. Kd2 Rh2+ 36. Be2 Ke7) 35. Ba6 Kf8 36. c6 {White mates.} Ke7 37. c7 Kd7 38. c8=Q+ Rxc8+ 39. Bxc8+ Kxc8 {[%mdl 4096] Endgame KN-K3P} 40. Kd2 Kd7 41. Ke3 Ke6 42. Kf4 Kd5 43. Nc3+ Kc4 44. Nb1 Kd5 45. Na3 a6 46. Nc2 a5 47. a4 Kc4 48. Ke5 Kb3 49. Nd4+ Kxa4 50. Nc6 {Precision: White = 89%, Black = 49%.} 1-0

[Event "8th Dolomiti Open 2017"]
[Site "Forni di Sopra"]
[Date "2017.06.17"]
[Round "9.1"]
[White "Matamoros Franco, Carlos S"]
[Black "Stany, G A"]
[Result "0-1"]
[WhiteElo "2478"]
[BlackElo "2489"]
[Annotator "TA"]
[PlyCount "70"]
[EventDate "2017.??.??"]
[EventType "swiss"]
[EventCountry "ITA"]
[SourceTitle "playchess.com"]
[Source "ChessBase"]
[SourceQuality "1"]

{[%evp 13,70,20,41,16,16,18,24,16,28,18,25,27,22,26,38,16,15,18,33,24,25,9,9,7,7,0,7,7,0,0,0,-8,6,0,50,16,15,20,22,25,53,-424,-425,-413,-418,-441,-415,-488,-485,-482,-467,-490,-347,-357,-350,-327,-209,-1262,-1255]} 1. c4 Nf6 2. g3 g6 3. Bg2 d5 4. cxd5 Nxd5 5. Nc3 Nb6 6. d3 Bg7 7. Be3 Nc6 8. Qd2 {A16: English Opening: 1...Nf6 with ...d5} (8. h4 h5 9. Bxc6+ bxc6 10. Qd2 Bg4 11. Rc1 Nd5 12. Ne4 Nxe3 13. fxe3 a5 14. Nf3 a4 15. Nfg5 Qd5 {1-0 (41) Movsesian,S (2699)-Mamedyarov,S (2753) Khanty-Mansiysk 2013}) 8... Nd4 9. Rc1 e5 10. Bh6 {White has an edge.} O-O 11. Bxg7 Kxg7 12. e3 Nf5 $146 ({Predecessor:} 12... Ne6 13. Nf3 f6 14. O-O c6 15. Rfd1 Rf7 16. Ne4 Qf8 {1-0 (47) McNab,C (2466)-Andersen,M (2338) Edinburgh 2009}) 13. Nf3 Qe7 14. Ne4 c6 15. O-O Rd8 16. b3 Nd6 {[#] Strongly threatening ...Nxe4.} 17. Nc5 Bg4 18. Qc3 f6 19. h3 Be6 20. Qb2 Bf7 21. Rfd1 a5 22. e4 a4 23. d4 {[%cal Rd4e5]} exd4 24. Nxd4 axb3 25. axb3 Kg8 26. Nf3 Nb5 {[%cal Bd6b5,Bb5c3,Bc3e4][%mdl 32] [#] Hoping for ...Rxd1+.} 27. e5 $2 {[%mdl 8192]} (27. Rxd8+ $14 {stays ahead.} Rxd8 28. Bf1) 27... Rxd1+ $19 28. Rxd1 Qxc5 29. exf6 Nc3 30. Rd3 Nbd5 31. b4 Qa7 32. Kh2 Ne4 33. Ne5 Nexf6 34. b5 Qa1 35. Qb3 $2 (35. Qxa1 Rxa1 36. bxc6 bxc6 37. Nxc6) 35... Qxe5 {Precision: White = 46%, Black = 69%.} 0-1

[Event "8th Dolomiti Open 2017"]
[Site "Forni di Sopra"]
[Date "2017.06.17"]
[Round "9.2"]
[White "Bellia, Fabrizio"]
[Black "Rotstein, Arkadij"]
[Result "1-0"]
[WhiteElo "2432"]
[BlackElo "2499"]
[Annotator "TA"]
[PlyCount "129"]
[EventDate "2017.??.??"]
[EventType "swiss"]
[EventCountry "ITA"]
[SourceTitle "playchess.com"]
[Source "ChessBase"]
[SourceQuality "1"]

{[%evp 24,129,88,66,97,91,115,103,87,85,96,79,99,106,110,75,156,166,165,145,148,142,157,148,140,122,128,134,128,104,100,104,85,55,61,49,48,47,53,61,63,63,51,68,57,53,44,52,46,51,78,73,75,45,70,53,89,36,52,68,164,164,203,167,258,263,248,263,239,241,243,187,185,178,306,306,306,272,266,286,276,265,306,306,327,323,314,299,468,417,449,440,448,432,404,398,506,506,643,643,636,631,4586,612,5879,5481,4989,4930]} 1. e4 g6 2. d4 Bg7 3. Nc3 c6 4. Nf3 d6 5. Be2 Nf6 6. O-O O-O 7. a4 Nbd7 8. h3 Qa5 9. Bd2 Qc7 10. Be3 e5 11. dxe5 dxe5 12. Bc4 b6 13. Qd2 Bb7 {B08: Pirc Defence: Classical System} 14. Rfd1 a6 15. Qd6 Rac8 {White is better.} 16. g4 {[#] Threatens to win with g5.} (16. b4 b5 17. Bb3 Qxd6 18. Rxd6 Rc7 19. Rad1 Bc8 20. g4 Ne8 21. R6d3 {1-0 (52) Kryvoruchko,Y (2692)-Kantsler,B (2435) Jerusalem 2015}) 16... b5 $146 ({Predecessor:} 16... h6 17. g5 hxg5 18. Nxg5 b5 19. Bb3 b4 20. Qe7 Nb8 21. Qxb4 {0-1 (30) Pap,G (2517)-Jovanovic,Z (2529) Hungary 2013}) 17. Bb3 ({But not} 17. axb5 $6 cxb5 18. Ba2 Nc5 $11) 17... Qxd6 18. Rxd6 {Strongly threatening g5.} Nb8 19. Bc5 b4 (19... Nbd7 $142 20. Be3 b4) 20. Bxb4 $16 c5 21. Ba3 $1 Nxe4 22. Nxe4 Bxe4 23. Ng5 Ba8 {White must now prevent ...c4.} 24. Bd5 Bxd5 25. Rxd5 Rfd8 26. Rxd8+ Rxd8 27. Bxc5 Rc8 28. Bd6 Nd7 29. c3 Nb6 30. Bb4 Nd5 31. Ba3 Nf4 32. Rd1 h6 33. Ne4 Rc4 34. Rd8+ Kh7 35. Nd6 Rxa4 36. Kh2 e4 37. Nxf7 g5 38. Nd6 Be5 39. Rd7+ Kg6 $1 40. Nf5 ({Better is} 40. Nc8 $16) 40... Nd3+ 41. Kg1 h5 (41... Nf4 $1 $14) 42. Ne7+ $18 Kf6 43. Nd5+ Ke6 (43... Kg6 {was necessary.} 44. Nb6 Ra5) 44. Nb6 {And now Re7+ would win.} Rxa3 45. bxa3 hxg4 46. hxg4 Bxc3 {[%mdl 4096] Endgame KRN-KBN} 47. Ra7 Bd4 48. Rxa6 {Nc4+ is the strong threat.} Bxf2+ (48... Nxf2 $142 49. Ra4 Bc5) 49. Kf1 $1 Bd4 50. Nc4+ Kd5 51. Nd2 Bc3 52. Nb1 Be5 53. Ra5+ Kd4 54. Nd2 Bf4 55. Ra4+ Ke3 (55... Ke5 {might work better.}) 56. Nxe4 Nb2 57. Rb4 Nd3 {[#]} 58. Rc4 $1 Ne5 {[#]} 59. Ra4 $1 Kf3 60. Nf6 {White is clearly winning.} Be3 61. Re4 Nd3 62. a4 Nc5 63. Rb4 (63. Rc4 $142 Nxa4 64. Rxa4) 63... Nd3 64. Rb3 Nc5 65. Ra3 {Precision: White = 81%, Black = 46%.} 1-0

[Event "8th Dolomiti Open 2017"]
[Site "Forni di Sopra"]
[Date "2017.06.17"]
[Round "9.3"]
[White "Castellanos Rodriguez, Renier"]
[Black "Anurag, Mhamal"]
[Result "0-1"]
[WhiteElo "2488"]
[BlackElo "2466"]
[Annotator "TA"]
[PlyCount "54"]
[EventDate "2017.??.??"]
[EventType "swiss"]
[EventCountry "ITA"]
[SourceTitle "playchess.com"]
[Source "ChessBase"]
[SourceQuality "1"]

{[%evp 16,54,12,7,16,8,17,10,10,0,8,0,6,0,0,0,0,-19,-15,-131,-115,-109,-111,-128,-113,-127,-127,-313,-313,-306,-313,-307,-298,-304,-244,-251,-240,-252,-240,-379,-313]} 1. d4 Nf6 2. c4 e6 3. Nf3 c5 4. e3 cxd4 5. exd4 Bb4+ 6. Nc3 d5 7. Bd3 dxc4 8. Bxc4 O-O 9. O-O h6 {E54: Nimzo-Indian: Rubinstein: Main Line: 7...dxc4 8 Bxc4} 10. Qe2 b6 11. Rd1 Bb7 {The position is equal.} 12. Bf4 $146 ({Predecessor:} 12. Bb3 Nc6 13. d5 exd5 14. Nxd5 Nxd5 15. Bxd5 Qf6 16. Be3 Rfd8 17. a3 Bf8 18. Rd2 Rd6 19. Rad1 {½-½ (45) Agdestein,S (2628)-Kramnik,V (2783) Stavanger 2014}) 12... Bxc3 13. bxc3 Nd5 14. Bd2 Qc7 15. Ne5 Nc6 {[%cal Bb8c6,Bc6e5,Be5g6][%mdl 32]} 16. Bxd5 exd5 17. Bxh6 (17. Ng4 $11 {remains equal.}) 17... gxh6 $17 18. Qg4+ Kh8 19. Qf4 Nxe5 20. Qxh6+ Kg8 21. Rd3 $2 {[#]} (21. dxe5 $17 {is the only way for White.} Qc6 22. Qh4) 21... Ng6 $19 ({Stronger than} 21... Nxd3 22. Qg5+ Kh8 23. Qh5+ Kg7 24. Qg5+ Kh8 25. Qh5+ Kg8 26. Qg5+ Kh7 27. Qh5+ Kg8 28. Qg5+ $11) 22. Rg3 Rfe8 23. h4 {If only White now had time for h5....} Qd6 24. h5 Qf8 25. Qg5 Re6 26. f4 Qe7 27. Qg4 (27. hxg6 $142 Qxg5 28. gxf7+ Kxf7 29. Rxg5) 27... Re8 {Precision: White = 39%, Black = 59%.} 0-1